Movie Pictures Starting with V - Statistics

General Stats
  • This quiz has been taken 56 times
  • The average score is 3 of 12
Answer Stats
Picture Answer % Correct
Venom
85%
V for Vendetta
76%
Vertigo
49%
Vanilla Sky
36%
The Village
25%
Van Helsing
22%
Van Wilder
20%
Violent Night
13%
Vampires Suck
7%
Vivarium
5%
The Vault
2%
VHS 94
2%
No matching quizzes found
Score Distribution
Percent of People with Each Score
Percentile by Number Answered
Your Score History
You have not taken this quiz